000 00528nam a2200169 4500
001 108287
003 ES-MaACL
005 20230906184621.0
007 t|
008 061121s1960 sp r ||||1| spa d
100 1 _aMontequi Díaz de Plaza, Ricardo.
_982461
245 1 0 _aQuímica inorgánica aplicada /
_cRicardo Montequi Díaz de Plaza.
250 _a8.ª ed. rev., y puesta el día.
260 _aMadrid :
_b[s.n.,
_c1960] (
_fImp. Saez)
300 _aXV, 346 p. :
_bil ;
_c25 cm.
852 _aES-MaACL
_jC-18925
_bR.46904
999 _c108287
_d108287